000 00776cam a22002291 4500
001 cd 17000185
003 DLC
005 20260227111145.0
008 820504s1904 pau 000 0 eng
010 _acd 17000185
035 _a(OCoLC)8395068
040 _aDLC
_cOClW
_dOClW
_dOCoLC
_dDLC
042 _apremarc
050 0 0 _aH1
_b.A4 vol. 23, no. 1
100 1 _aNorth, S. N. D.
_q(Simon Newton Dexter),
_d1849-1924.
245 1 4 _aThe tariff and the export trade of the United States.
260 _a[Philadelphia,
_bAmerican Academy of Political and Social Science,
_c1904]
300 _a11 p.
_c24 cm.
440 0 _aAnnals of the American Academy of Political and Social Science,
_vv. 23, no. 1
650 0 _aTariff
_zUnited States.
651 0 _aUnited States
_xCommerce.
999 _c18421
_d18421